000 01691cam a2200157 4500500
005 20260329012614.0
041 _afre
042 _adc
100 1 0 _aFouquet, Annie
_eauthor
245 0 0 _aThe Use of Statistics: From Aiding Decision Making to Assessing Public Policies
260 _c2010.
500 _a100
520 _aEvaluation, performance and management by results have driven the construction of quantitative data for following the implementation of public actions (measures, programmes, public policies). As decreed by the LOLF (Organic Law relative to the Financial Laws), all public action must hereafter specify its objectives and supply indicators intended to enable their monitoring and evaluation. Moreover, the demonstration of proving the efficiency or the pertinence of an action is all the stronger when it is supported by quantitative arguments. That statistical data is called upon to furnish arguments regarding public action is old news, what is newer is the extension of its use to domains thus far out of public statistics’ field, to all branches of managerial activity. The diffusion of managerial concerns accords great importance to figures, which questions those of statistics. This article reviews the fundamentals of statistics and the links it has to evaluating public actions in order to consider them in the new politico-administrative context (decentralisation and the revival of evaluation by constitutional laws).
786 0 _nRevue française des affaires sociales | - | 1 | 2010-07-12 | p. 307-322 | 0035-2985
856 4 1 _uhttps://shs.cairn.info/journal-revue-francaise-des-affaires-sociales-2010-1-page-307?lang=en&redirect-ssocas=7080
999 _c1872649
_d1872649